Biomass energy and coal in Africa / (Record no. 646)

MARC details
000 -LEADER
fixed length control field 01212pam a2200313 a 4500
001 - CONTROL NUMBER
control field 3958527
003 - CONTROL NUMBER IDENTIFIER
control field OSt
005 - DATE AND TIME OF LATEST TRANSACTION
control field 20230606120818.0
008 - FIXED-LENGTH DATA ELEMENTS--GENERAL INFORMATION
fixed length control field 940105s1994 enkab b 001 0 eng
010 ## - LIBRARY OF CONGRESS CONTROL NUMBER
LC control number 94002290
020 ## - INTERNATIONAL STANDARD BOOK NUMBER
International Standard Book Number 1856492354 :
Terms of availability £60.00
040 ## - CATALOGING SOURCE
Original cataloging agency DLC
Transcribing agency DLC
Modifying agency DLC
043 ## - GEOGRAPHIC AREA CODE
Geographic area code f------
050 00 - LIBRARY OF CONGRESS CALL NUMBER
Classification number TP360
Item number .B5876 1994
082 00 - DEWEY DECIMAL CLASSIFICATION NUMBER
Classification number 333.9539096
245 00 - TITLE STATEMENT
Title Biomass energy and coal in Africa /
Statement of responsibility, etc. J.B.S. Diphaha ... [et al.] ; edited by David O. Hall, Yu-shi Mao.
260 ## - PUBLICATION, DISTRIBUTION, ETC. (IMPRINT)
Place of publication, distribution, etc. London ;
-- Atlantic Highlands, N.J. :
Name of publisher, distributor, etc. Zed Books ;
Place of publication, distribution, etc. Gaborone, Botswana :
Name of publisher, distributor, etc. African Energy Policy Research Network,
Date of publication, distribution, etc. 1994.
300 ## - PHYSICAL DESCRIPTION
Extent xix, 196 p. :
Other physical details ill., maps ;
Dimensions 23 cm.
504 ## - BIBLIOGRAPHY, ETC. NOTE
Bibliography, etc Includes bibliographical references and index.
650 #0 - SUBJECT ADDED ENTRY--TOPICAL TERM
Topical term or geographic name as entry element Biomass energy
Geographic subdivision Africa.
650 #0 - SUBJECT ADDED ENTRY--TOPICAL TERM
Topical term or geographic name as entry element Coal
Geographic subdivision Africa.
700 1# - ADDED ENTRY--PERSONAL NAME
Personal name Diphaha, J. B. S.
700 1# - ADDED ENTRY--PERSONAL NAME
Personal name Hall, D. O.
Fuller form of name (David Oakley)
700 1# - ADDED ENTRY--PERSONAL NAME
Personal name Mao, Yu-shi,
Dates associated with a name 1929-
710 2# - ADDED ENTRY--CORPORATE NAME
Corporate name or jurisdiction name as entry element African Energy Policy Research Network.
906 ## - LOCAL DATA ELEMENT F, LDF (RLIN)
a 7
b cbc
c orignew
d 1
e ocip
f 19
g y-gencatlg
942 ## - ADDED ENTRY ELEMENTS (KOHA)
Source of classification or shelving scheme Dewey Decimal Classification
Koha item type Books
Holdings
Withdrawn status Lost status Source of classification or shelving scheme Damaged status Not for loan Home library Current library Date acquired Total Checkouts Full call number Barcode Date last seen Price effective from Koha item type Public note
    Dewey Decimal Classification     Bunge Tower Library Bunge Tower Library 06/06/2023   333.9539096 10015188 06/06/2023 06/06/2023 Books  
    Dewey Decimal Classification     Bunge Tower Library Bunge Tower Library 06/06/2023   333.9539096   06/06/2023 06/06/2023 Books Selected Case Studies
LIBRARY OPENING HOURS

When the Parliament is sitting: 8.00a.m - 7.00p.m or until the house adjourns
Mondays and Fridays and when the House is on Recess:  8.00a.m - 5.00p.m
Closed on Weekends and Public Holidays

Online Public Access Catalog (OPAC)
Website: http://www.parliament.go.ke
Bunge Library: https://libraryir.parliament.go.ke
Contact: library@parliament.go.ke | Tel no: (254-2)2221291 or 2848000 Ext 5043